00373nam a2200157 a 450000100060000000300090000600800410001502000150005604000280007108200180009910000170011724500110013426000410014530000080018665000210019413556CO-ViMGA141112s2004 ck r 000 u spa d a9588012056 aCO-ViMGAbspacCO-ViMGA04aA863.5 M175am1 aMarmol, Jose10aAmalia aMedellin : bCometa de Papel, c1997 a22414aNOVELA ARGENTINA